000 00251nam a2200097Ia 4500
001 683729
005 20250826161444.0
008 250824s9999 xx 000 0 und d
245 0 _aBÖLÜK PÖRÇÜK YAŞAMLAR
_cANNE MICHAELS
260 _bTİMAŞ YAYINLARI
999 _c683729
_d683729